| 000 | 00535nmm a22001817a 4500 | ||
|---|---|---|---|
| 005 | 20170209142944.0 | ||
| 008 | 150727b xxu||||| |||| 00| 0 spa d | ||
| 041 | _aEspañol | ||
| 082 | _aMD 56 | ||
| 100 |
_aChinchilla Araya, Kimberly _94094 |
||
| 245 | _aInforme de Práctica Supervisada realizado en la Clínica Especialidades Odontológicas Dr. Juan Carlos Coto | ||
| 260 | _c2012 | ||
| 650 |
_aCOSTA RICA _938817 |
||
| 650 |
_aMECÁNICA DENTAL _938818 |
||
| 650 |
_aCORONAS _93126 |
||
| 650 |
_aODONTOGRAMA _94096 |
||
| 942 | _cIP | ||
| 999 |
_c6683 _d6683 |
||